Central Library OPAC University of Rajshahi

A Handbook of Sociology / (Record no. 36524)

MARC details
000 -LEADER
fixed length control field 00930nam a2200277 a 4500
001 - CONTROL NUMBER
control field 36524
003 - CONTROL NUMBER IDENTIFIER
rucl marc code BD-RjUL
005 - DATE AND TIME OF LATEST TRANSACTION
control field 20211209052511.0
008 - FIXED-LENGTH DATA ELEMENTS--GENERAL INFORMATION
fixed length control field 140625s1960 enka b 000 0 eng d
035 ## - SYSTEM CONTROL NUMBER
System control number BD-RjUL)36624
040 ## - CATALOGING SOURCE
Original cataloging agency DLC
Transcribing agency SOI
Modifying agency m.c
-- BD-RjUL
Language of cataloging eng
041 ## - LANGUAGE CODE
Language code of text/sound track or separate title eng
082 ## - DEWEY DECIMAL CLASSIFICATION NUMBER
Classification number 301
Author mark and year OGH 1960
100 1# - MAIN ENTRY--PERSONAL NAME
Personal name Ogburn, William F.,
Dates associated with a name 1886-1959.
9 (RLIN) 70025
245 12 - TITLE STATEMENT
Title A Handbook of Sociology /
Statement of responsibility, etc. by William F. Ogburn and Meyer F. Nimkoff
250 ## - EDITION STATEMENT
Edition statement 4th ed. rev.
260 ## - PUBLICATION, DISTRIBUTION, ETC. (IMPRINT)
Place of publication, distribution, etc. London :
Name of publisher, distributor, etc. Routledge & Kegan Paul,
Date of publication, distribution, etc. 1960.
300 ## - PHYSICAL DESCRIPTION
Pagination 584 p. :
Illustrations ill.;
Size 22 cm
500 ## - GENERAL NOTE
General note First published in 1940 under title: Sociology
504 ## - BIBLIOGRAPHY, ETC. NOTE
Bibliography, etc Includes bibliography
650 #0 - SUBJECT ADDED ENTRY--TOPICAL TERM
Topical term or geographic name as entry element Sociology
9 (RLIN) 111205
700 1# - ADDED ENTRY--PERSONAL NAME
Personal name Nimkoff, Meyer F.
Fuller form of name (Meyer Francis),
Dates associated with a name 1904-1965.
830 #0 - SERIES ADDED ENTRY--UNIFORM TITLE
Uniform title International library of sociology and social reconstruction (Routledge & Kegan Paul)
942 ## - ADDED ENTRY ELEMENTS (KOHA)
Source of classification or shelving scheme Dewey Decimal Classification
Koha item type Books
Holdings
Lost status Source of classification or shelving scheme Damaged status Not for loan Collection code Permanent Location Current Location Shelving location Date acquired Source of acquisition Cost, normal purchase price Total Checkouts Full call number Date last seen Copy number Koha item type
  Dewey Decimal Classification     Non-fiction Central Library, University of Rajshahi Central Library, University of Rajshahi   04/05/1966 Zeitlinger 65.00   301 OGH 1960 25/06/2014 C-2 Books